000 00284nam a22001337a 4500
008 171201b xxu||||| |||| 00| 0 eng d
020 _ax000v04l05
041 _aeng
080 _a32
100 _a19
101 _aSHP
245 _aLEARNING TO BE WHITE
_cTHANDEKA
942 _2udc
_cBK
999 _c38690
_d38690